| 000 | 00398nam a22001457a 4500 | ||
|---|---|---|---|
| 005 | 20250530122508.0 | ||
| 008 | 250530b |||||||| |||| 00| 0 eng d | ||
| 020 | _a6812953 | ||
| 050 |
_aBV 4319 _bMCL |
||
| 100 | _aMcLAUGHLIN, RAYMOND W. | ||
| 245 |
_aCOMMUNICATION FOR THE CHURH _cRAYMOND W. McLAUGHLIN |
||
| 260 |
_aMICHIGAN _bZONDERVAN PUBLISHING _cc1968 |
||
| 300 | _a228p.; | ||
| 942 |
_2lcc _cBK _n0 |
||
| 999 |
_c6064 _d6064 |
||